[Event "11th EUR-ch"]
[Site "Rijeka CRO"]
[Date "2010.03.14"]
[Round "8"]
[White "Balogh, Csaba"]
[Black "Prohaszka, Peter"]
[Result "1-0"]
[WhiteElo "2622"]
[BlackElo "2501"]
[EventDate "2010.03.06"]
[PlyCount "81"]

1.e4 c6 2.d4 d5 3.Nc3 dxe4 4.Nxe4 Nd7 5.Ng5 Ngf6 6.Bd3 e6 7.N1f3 Bd6 8.Qe2
h6 9.Ne4 Nxe4 10.Qxe4 Qc7 11.O-O b6 12.Qg4 Kf8 13.b3 Bb7 14.Bb2 Nf6 15.Qh3
Nd5 16.g3 c5 17.c4 Nf6 18.d5 exd5 19.Bxf6 gxf6 20.Qf5 Be5 21.Rae1 Rg8 22.
Qh5 dxc4 23.Qxh6+ Rg7 24.Nxe5 fxe5 25.bxc4 Kg8 26.Be4 Re8 27.Qh5 Bc8 28.
Bf5 Bb7 29.Re3 Qd8 30.Rfe1 Qd2 31.Be4 Bxe4 32.Rxe4 Rh7 33.Qf5 Re6 34.R1e3 
Qc1+ 35.Kg2 Rhh6 36.Rd3 Rhf6 37.Rd8+ Kg7 38.Rg4+ Rg6 39.Rd7 Rf6 40.Rxg6+ 
Rxg6 41.Rxf7+ 1-0

[Event "11th EUR-ch"]
[Site "Rijeka CRO"]
[Date "2010.03.14"]
[Round "8"]
[White "Skoberne, Jure"]
[Black "Belov, Vladimir"]
[Result "1/2-1/2"]
[WhiteElo "2509"]
[BlackElo "2619"]
[EventDate "2010.03.06"]
[PlyCount "25"]

1.e4 c6 2.d4 d5 3.exd5 cxd5 4.c4 Nf6 5.Nc3 Nc6 6.Nf3 Bg4 7.cxd5 Nxd5 8.Qb3
Bxf3 9.gxf3 Nb6 10.Be3 e6 11.O-O-O Be7 12.d5 exd5 13.Nxd5 1/2-1/2

[Event "11th EUR-ch"]
[Site "Rijeka CRO"]
[Date "2010.03.14"]
[Round "8"]
[White "Edouard, Romain"]
[Black "Mrva, Martin"]
[Result "1-0"]
[WhiteElo "2617"]
[BlackElo "2485"]
[EventDate "2010.03.06"]
[PlyCount "73"]

1.e4 c5 2.Nf3 e6 3.d4 cxd4 4.Nxd4 Nc6 5.Nc3 d6 6.Be3 Nf6 7.f4 Be7 8.Qf3 e5
9.Nxc6 bxc6 10.f5 Qa5 11.O-O-O Ba6 12.Bxa6 Qxa6 13.g4 h6 14.h4 h5 15.g5 
Ng4 16.f6 gxf6 17.gxf6 Bf8 18.Bg5 Rb8 19.b3 Rg8 20.Kb1 Rg6 21.Ne2 Qb6 22.
Rdf1 Bh6 23.Ng3 Ne3 24.Bxh6 Rxh6 25.Nf5 Nxf5 26.Qxf5 Rg6 27.Qxh5 Kd7 28.
Qh7 Rf8 29.h5 Rg2 30.Qg7 Rxc2 31.Kxc2 Qc5+ 32.Kb1 Qd4 33.Qg4+ Kc7 34.Rd1 
Qb4 35.Rc1 Rg8 36.Qxg8 Qxe4+ 37.Kb2 1-0

[Event "11th EUR-ch"]
[Site "Rijeka CRO"]
[Date "2010.03.14"]
[Round "8"]
[White "Caruana, Fabiano"]
[Black "Arutinian, David"]
[Result "1-0"]
[WhiteElo "2680"]
[BlackElo "2576"]
[EventDate "2010.03.06"]
[PlyCount "73"]

1.e4 c6 2.d4 d5 3.e5 Bf5 4.Nf3 e6 5.Be2 c5 6.Be3 cxd4 7.Nxd4 Ne7 8.c4 Nbc6
9.Qa4 a6 10.Nc3 dxc4 11.O-O-O Qa5 12.Qxa5 Nxa5 13.Nxf5 Nxf5 14.Bb6 Nc6 15.
f4 Rc8 16.g4 Nh4 17.Bxc4 g5 18.f5 Nxe5 19.Bb3 Bc5 20.Ba4+ Ke7 21.f6+ Kxf6 
22.Ne4+ Kg7 23.Nxc5 Nc4 24.Ba7 b6 25.Nxa6 Ne3+ 26.Kb1 Nxd1 27.Rxd1 h5 28.
Bxb6 Nf3 29.h3 hxg4 30.hxg4 Rc4 31.Bb5 Rxg4 32.a4 Rh2 33.Ba5 e5 34.Bc3 Nd4
35.a5 Rf4 36.Nc7 g4 37.a6 1-0

[Event "11th EUR-ch"]
[Site "Rijeka CRO"]
[Date "2010.03.14"]
[Round "8"]
[White "Grachev, Boris"]
[Black "Kovacevic, Aleksandar"]
[Result "1-0"]
[WhiteElo "2667"]
[BlackElo "2574"]
[EventDate "2010.03.06"]
[PlyCount "65"]

1.d4 Nf6 2.c4 e6 3.Nc3 c5 4.d5 exd5 5.cxd5 d6 6.e4 g6 7.Nge2 Bg7 8.Ng3 O-O
9.Be2 a6 10.a4 Nbd7 11.O-O Re8 12.h3 h5 13.Bg5 Qa5 14.Re1 Rb8 15.Qc2 Nh7 
16.Bf4 Qc7 17.Nf1 Bd4 18.Be3 Qd8 19.Rad1 Qf6 20.Qd3 Be5 21.Qd2 b5 22.axb5 
axb5 23.Nxb5 Bxb2 24.Rb1 Rxb5 25.Bxb5 Bc3 26.Qc2 Bxe1 27.Rxe1 Qd8 28.Bf4 
Qf6 29.Bh2 Re7 30.Nd2 Nb6 31.e5 Bf5 32.Ne4 Bxe4 33.exf6 1-0

[Event "11th EUR-ch"]
[Site "Rijeka CRO"]
[Date "2010.03.14"]
[Round "8"]
[White "Naer, Evgeny"]
[Black "Mastrovasilis, Dimitrios"]
[Result "1-0"]
[WhiteElo "2665"]
[BlackElo "2574"]
[EventDate "2010.03.06"]
[PlyCount "85"]

1.e4 e5 2.Nf3 Nc6 3.Bb5 Nf6 4.d3 d6 5.O-O Be7 6.c3 O-O 7.Nbd2 a6 8.Bxc6 
bxc6 9.d4 exd4 10.cxd4 a5 11.Qc2 Bd7 12.a4 Qb8 13.b3 Qb7 14.Ba3 Rfe8 15.
Rfe1 Bf8 16.h3 h6 17.Rac1 Ra6 18.Re3 Rb8 19.Bb2 Be7 20.Rc3 Bd8 21.Ba3 Rb6 
22.Re1 Be6 23.Ree3 Nd7 24.Nc4 Bxc4 25.bxc4 c5 26.dxc5 Rb1+ 27.Kh2 Bf6 28.
cxd6 Bxc3 29.Qxc3 cxd6 30.Bxd6 Rb3 31.Qxa5 Rxe3 32.fxe3 Ra8 33.Qb5 Qa7 34.
a5 Nf8 35.Qd5 Qxa5 36.c5 Rc8 37.Ne5 Qa7 38.Nc6 Rxc6 39.Qxc6 Ne6 40.Qd5 Qa4
41.c6 Qc2 42.Bf4 g5 43.Bg3 1-0

[Event "11th EUR-ch"]
[Site "Rijeka CRO"]
[Date "2010.03.14"]
[Round "8"]
[White "Meier, Georg"]
[Black "Sedlak, Nikola"]
[Result "1/2-1/2"]
[WhiteElo "2663"]
[BlackElo "2570"]
[EventDate "2010.03.06"]
[PlyCount "159"]

1.Nf3 c5 2.c4 g6 3.d4 cxd4 4.Nxd4 Nc6 5.e4 Nf6 6.Nc3 Nxd4 7.Qxd4 d6 8.Be2 
Bg7 9.Be3 O-O 10.Qd2 a5 11.O-O a4 12.f3 Qa5 13.Rfc1 Be6 14.Rab1 Rfc8 15.b4
axb3 16.axb3 Qb4 17.Rc2 Nd7 18.Nd5 Qxd2 19.Rxd2 Bxd5 20.Rxd5 Nc5 21.Bd1 
Bc3 22.Kf1 Bb4 23.e5 dxe5 24.Rxe5 e6 25.Bd4 Kf8 26.Ra1 Rxa1 27.Bxa1 Ke7 
28.Bd4 f6 29.Re2 Rd8 30.Bxc5+ Bxc5 31.Bc2 f5 32.g3 Kf6 33.h4 h6 34.Kg2 b6 
35.Kh3 Ra8 36.Rd2 Ra2 37.Re2 Ra1 38.Kg2 Rc1 39.Kh3 g5 40.hxg5+ hxg5 41.Kh2
Bb4 42.Kg2 Ra1 43.Bd3 Ra5 44.Bb1 Ra8 45.Bd3 Rd8 46.Bc2 Rg8 47.Bd3 Rg7 48.
g4 Rd7 49.Bc2 Rd4 50.gxf5 exf5 51.Kf1 Bc5 52.Kg2 Rd8 53.Kf1 Ra8 54.Rd2 Ra2
55.Re2 Bb4 56.Kg2 Ra1 57.Bd3 Rd1 58.Bc2 Rc1 59.Bd3 Rc3 60.Bc2 Bc5 61.Bd1 
f4 62.Rd2 Re3 63.Rd5 Re1 64.Rd3 Rg1+ 65.Kh2 Rg3 66.Be2 Kg6 67.Rd5 Bg1+ 68.
Kh1 Be3 69.Kh2 Bc5 70.Rd3 Kf6 71.Rd5 g4 72.fxg4 Rxb3 73.Bd3 Ke6 74.Kg2 Bd6
75.g5 Be5 76.g6 b5 77.Rxe5+ Kxe5 78.g7 Rxd3 79.g8=Q Rg3+ 80.Qxg3 1/2-1/2

[Event "11th EUR-ch"]
[Site "Rijeka CRO"]
[Date "2010.03.14"]
[Round "8"]
[White "Laznicka, Viktor"]
[Black "Ragger, Markus"]
[Result "0-1"]
[WhiteElo "2659"]
[BlackElo "2572"]
[EventDate "2010.03.06"]
[PlyCount "122"]

1.e4 e5 2.Nf3 Nc6 3.Bc4 Bc5 4.c3 Nf6 5.d4 exd4 6.e5 d5 7.Bb5 Ne4 8.cxd4 
Bb6 9.Nc3 O-O 10.Be3 f6 11.exf6 Nxf6 12.Bxc6 bxc6 13.Ne5 Qd6 14.O-O Nd7 
15.Nxd7 Bxd7 16.f3 Qg6 17.Kh1 Ba5 18.Qd2 Bb4 19.Bf4 Bd6 20.Be5 Rae8 21.
Rae1 Qh5 22.f4 Re6 23.Rf3 Rh6 24.h3 Rg6 25.Ree3 Qh4 26.Qe1 Qxe1+ 27.Rxe1 
h5 28.Kh2 h4 29.Ne2 Rf7 30.Rc1 Kh7 31.Rcc3 Bf5 32.g4 hxg3+ 33.Rxg3 Bd7 34.
Kg2 Re6 35.Rg5 g6 36.h4 Be7 37.Rgg3 Rf5 38.Rg5 Rf7 39.Ng3 c5 40.dxc5 d4 
41.Rd3 Bc6+ 42.Kh3 Bd7 43.Kh2 Bxg5 44.hxg5 Rxe5 45.fxe5 Rf2+ 46.Kg1 Rxb2 
47.Rxd4 Bc6 48.Ne4 Kg7 49.e6 Kf8 50.Nf2 Ke7 51.Rf4 Rxa2 52.Rf7+ Kxe6 53.
Rxc7 Bd5 54.Nd3 Be4 55.Nf2 Bf5 56.Kf1 Ke5 57.Ke1 Kf4 58.c6 Kf3 59.Nd1 Re2+
60.Kf1 Bh3+ 61.Kg1 Kg3 0-1

[Event "11th EUR-ch"]
[Site "Rijeka CRO"]
[Date "2010.03.14"]
[Round "8"]
[White "Roiz, Michael"]
[Black "Evdokimov, Alexander"]
[Result "1-0"]
[WhiteElo "2652"]
[BlackElo "2564"]
[EventDate "2010.03.06"]
[PlyCount "87"]

1.d4 Nf6 2.Nf3 g6 3.c4 Bg7 4.Nc3 d5 5.cxd5 Nxd5 6.e4 Nxc3 7.bxc3 c5 8.Be3 
Bg4 9.Rc1 Qa5 10.Qb3 cxd4 11.Qb5+ Nc6 12.Qxa5 Nxa5 13.Bb5+ Bd7 14.Bxd7+ 
Kxd7 15.cxd4 Rhc8 16.Ke2 Rc4 17.Rxc4 Nxc4 18.Rb1 b6 19.Bf4 Rc8 20.Kd3 e6 
21.g4 f6 22.h4 h6 23.g5 fxg5 24.hxg5 hxg5 25.Bxg5 Nd6 26.Rg1 Ke8 27.Bd2 
Kf7 28.Ng5+ Ke7 29.Bb4 a5 30.Ba3 Kd7 31.Bxd6 Kxd6 32.e5+ Kd7 33.Ne4 Bf8 
34.a4 Bb4 35.Rxg6 Rc1 36.Ng5 Ra1 37.Nxe6 Rxa4 38.d5 Ra2 39.Rg7+ Kc8 40.Kc4
Rxf2 41.d6 Rd2 42.Nd4 Kd8 43.Rg8+ Kd7 44.Kd5 1-0

[Event "11th EUR-ch"]
[Site "Rijeka CRO"]
[Date "2010.03.14"]
[Round "8"]
[White "Gustafsson, Jan"]
[Black "Parligras, Mircea-Emilian"]
[Result "0-1"]
[WhiteElo "2646"]
[BlackElo "2551"]
[EventDate "2010.03.06"]
[PlyCount "74"]

1.d4 Nf6 2.Nf3 e6 3.c4 b6 4.g3 Ba6 5.b3 Bb4+ 6.Bd2 Be7 7.Bg2 c6 8.O-O d5 
9.Qc2 Nbd7 10.Rd1 O-O 11.a4 c5 12.a5 Qc8 13.cxd5 Nxd5 14.Nc3 Nb4 15.Qb2 
bxa5 16.Rac1 Qe8 17.Qa1 Nc6 18.d5 Nd4 19.dxe6 fxe6 20.Nxd4 cxd4 21.Bxa8 
Qxa8 22.Qxa5 dxc3 23.Qxa6 Nc5 24.Qc4 cxd2 25.Rxd2 a5 26.Ra2 Qd8 27.Qb5 Qd5
28.Qxa5 Qxb3 29.Qa7 Ne4 30.Rac2 Bd8 31.Rc8 Qd5 32.Qa8 Qd4 33.e3 Qd3 34.Qc6
Nxf2 35.Qxe6+ Kh8 36.R8c3 Qe2 37.R3c2 Qf3 0-1

[Event "11th EUR-ch"]
[Site "Rijeka CRO"]
[Date "2010.03.14"]
[Round "8"]
[White "Volokytin, Andriy"]
[Black "Pavlidis, Anastasios"]
[Result "1-0"]
[WhiteElo "2687"]
[BlackElo "2338"]
[EventDate "2010.03.06"]
[PlyCount "91"]

1.e4 c5 2.Nf3 d6 3.d4 Nf6 4.Nc3 cxd4 5.Nxd4 g6 6.Be3 Bg7 7.f3 O-O 8.Qd2 
Nc6 9.O-O-O d5 10.exd5 Nxd5 11.Nxc6 bxc6 12.Bd4 Nxc3 13.Qxc3 Bh6+ 14.Be3 
Bxe3+ 15.Qxe3 Qb6 16.Qxe7 Be6 17.Qa3 Rad8 18.Bd3 Rd5 19.b3 Rfd8 20.Rde1 c5
21.Bc4 Rd2 22.Bxe6 fxe6 23.g3 Rf2 24.Rd1 Rd4 25.f4 Qd6 26.Qa5 Rxh2 27.Qxa7
h5 28.Qa8+ Kf7 29.Qf3 Rxh1 30.Rxh1 c4 31.Kb2 Qb6 32.Qe3 Qd6 33.Qc3 cxb3 
34.axb3 Qd8 35.Ra1 Rd7 36.Qe5 Rc7 37.b4 Qc8 38.c3 Rd7 39.Kb3 Rc7 40.Rd1 
Rd7 41.Rxd7+ Qxd7 42.b5 Qd3 43.Kb4 Qxg3 44.b6 Qf2 45.Qc7+ Kf6 46.b7 1-0

[Event "11th EUR-ch"]
[Site "Rijeka CRO"]
[Date "2010.03.14"]
[Round "8"]
[White "Gdanski, Jacek"]
[Black "Sargissian, Gabriel"]
[Result "0-1"]
[WhiteElo "2527"]
[BlackElo "2675"]
[EventDate "2010.03.06"]
[PlyCount "37"]

1.e4 c6 2.d4 d5 3.exd5 cxd5 4.c4 Nf6 5.Nc3 Nc6 6.Nf3 Be6 7.cxd5 Bxd5 8.Be2
e6 9.O-O Be7 10.Ne5 O-O 11.Bg5 Ne4 12.Nxc6 Bxc6 13.Bxe7 Qxe7 14.Bf3 Nxc3 
15.bxc3 Rac8 16.Re1 Rfd8 17.a4 Bd5 18.Re3 Rc6 19.Rb1 0-1

[Event "11th EUR-ch"]
[Site "Rijeka CRO"]
[Date "2010.03.14"]
[Round "8"]
[White "Moiseenko, Olexandr"]
[Black "Anisimov, Pavel"]
[Result "1-0"]
[WhiteElo "2668"]
[BlackElo "2519"]
[EventDate "2010.03.06"]
[PlyCount "137"]

1.d4 d5 2.c4 dxc4 3.Nf3 a6 4.e3 Nf6 5.Bxc4 e6 6.O-O c5 7.Bb3 Be7 8.Qe2 
cxd4 9.Rd1 Nc6 10.Nxd4 Qc7 11.Nc3 O-O 12.e4 Nxd4 13.Rxd4 Bd6 14.Rxd6 Qxd6 
15.e5 Qd4 16.exf6 Qxf6 17.Bc2 e5 18.Qh5 g6 19.Bg5 Qc6 20.Qh6 f6 21.Ne4 
Qxc2 22.Nxf6+ Rxf6 23.Bxf6 Qc7 24.Rc1 Qf7 25.Bxe5 Bd7 26.h3 Rc8 27.Rd1 Re8
28.Bc3 Bc6 29.Qh4 h5 30.Rd6 Kh7 31.Rf6 Qe7 32.Qg5 Be4 33.a3 Qd7 34.Qf4 Bf5
35.Rd6 Qf7 36.Qd4 Rf8 37.a4 Bc8 38.f3 Bf5 39.a5 Bc8 40.Rd8 Kh6 41.Qd6 Rg8 
42.Rxg8 Qxg8 43.h4 Be6 44.Qc7 Qf7 45.Qb8 g5 46.Bd2 Kg7 47.Bxg5 Bd5 48.Be3 
Qf5 49.Bd4+ Kf7 50.Qc7+ Ke8 51.Bc5 Qe6 52.Bf2 Bc6 53.b4 Qf5 54.Kh2 Qe6 55.
Bc5 Bd5 56.Qg7 Qf7 57.Qe5+ Kd7 58.Qd6+ Ke8 59.Bf2 Qf5 60.Qc7 Be6 61.Bg3 
Qf6 62.Qh7 Qf7 63.Qh6 Qf5 64.Bf4 Qf7 65.Qh8+ Kd7 66.Qe5 Bd5 67.Qc7+ Ke8 
68.Bg5 Qe6 69.Qb8+ 1-0

[Event "11th EUR-ch"]
[Site "Rijeka CRO"]
[Date "2010.03.14"]
[Round "8"]
[White "Banusz, Tamas"]
[Black "Korobov, Anton"]
[Result "1-0"]
[WhiteElo "2517"]
[BlackElo "2663"]
[EventDate "2010.03.06"]
[PlyCount "71"]

1.Nf3 Nf6 2.c4 g6 3.g3 Bg7 4.Bg2 O-O 5.d4 d6 6.O-O Nc6 7.Nc3 a6 8.Qd3 d5 
9.cxd5 Nxd5 10.Nxd5 Qxd5 11.e4 Qb5 12.Qxb5 axb5 13.Be3 Bg4 14.e5 Rfd8 15.
Rfc1 Be6 16.Ng5 Bxa2 17.Ne4 b4 18.f4 Bf8 19.Kf2 Nxd4 20.Bxd4 Rxd4 21.Rxc7 
b3 22.Rac1 Rb8 23.Ke2 e6 24.Nf6+ Kg7 25.Bh3 Bb4 26.Bxe6 Rd2+ 27.Kf3 Rf8 
28.Rxb7 Ba5 29.Rc8 Bd8 30.Ne4 Rxh2 31.Nd6 Rc2 32.Nxf7 Rxc8 33.Nxd8+ Kh8 
34.Bxc8 Rxd8 35.Bd7 Kg7 36.Bb5+ 1-0

[Event "11th EUR-ch"]
[Site "Rijeka CRO"]
[Date "2010.03.14"]
[Round "8"]
[White "Cheparinov, Ivan"]
[Black "Gasanov, Eldar"]
[Result "1-0"]
[WhiteElo "2657"]
[BlackElo "2514"]
[EventDate "2010.03.06"]
[PlyCount "97"]

1.d4 Nf6 2.c4 e6 3.Nf3 d5 4.Nc3 Nbd7 5.Bg5 Bb4 6.cxd5 exd5 7.Qb3 c5 8.a3 
Qa5 9.Bd2 Ne4 10.Nxe4 dxe4 11.dxc5 Bxd2+ 12.Nxd2 Nxc5 13.Qe3 Ne6 14.Qxe4 
O-O 15.e3 Rd8 16.Qb4 Qd5 17.Nf3 Nc5 18.Qd4 Be6 19.Rd1 Rac8 20.Be2 Nb3 21.
Qxd5 Rxd5 22.O-O Kf8 23.Rxd5 Bxd5 24.Bd1 Nc1 25.Nd4 Nd3 26.b4 a6 27.Bc2 
Nb2 28.h4 g6 29.Ra1 Ke7 30.g4 Kd6 31.Kf1 Rc3 32.Ke2 Nc4 33.Bb3 Ne5 34.Bxd5
Kxd5 35.g5 Kc4 36.a4 Nc6 37.Nxc6 bxc6 38.Rd1 Kxb4 39.Rd7 Rc2+ 40.Kf3 c5 
41.Rxf7 c4 42.Rxh7 c3 43.h5 gxh5 44.g6 Rd2 45.g7 c2 46.g8=Q c1=Q 47.Rb7+ 
Ka5 48.Qg5+ Kxa4 49.Qf4+ 1-0

[Event "11th EUR-ch"]
[Site "Rijeka CRO"]
[Date "2010.03.14"]
[Round "8"]
[White "Krasenkow, Michal"]
[Black "Ter-Sahakian, Samvel"]
[Result "1/2-1/2"]
[WhiteElo "2652"]
[BlackElo "2513"]
[EventDate "2010.03.06"]
[PlyCount "68"]

1.Nf3 d5 2.d4 Nf6 3.c4 c6 4.Nc3 e6 5.e3 Nbd7 6.Bd3 Bd6 7.e4 dxe4 8.Nxe4 
Nxe4 9.Bxe4 e5 10.O-O exd4 11.Bc2 O-O 12.Qxd4 Be7 13.Re1 Nc5 14.Qc3 Bf6 
15.Ne5 Nd7 16.Qd3 g6 17.Ng4 Bg7 18.Qd6 Nb6 19.Nh6+ Bxh6 20.Qxd8 Rxd8 21.
Bxh6 Nxc4 22.Re7 Nb6 23.Bb3 Nd5 24.Bxd5 cxd5 25.Rc1 d4 26.b3 a5 27.Rcc7 
Be6 28.Rxb7 d3 29.Bd2 a4 30.Ra7 axb3 31.axb3 Bxb3 32.Rxa8 Rxa8 33.f3 Be6 
34.Kf2 Rb8 1/2-1/2

[Event "11th EUR-ch"]
[Site "Rijeka CRO"]
[Date "2010.03.14"]
[Round "8"]
[White "Llaneza Vega, Marcos"]
[Black "Pashikian, Arman"]
[Result "0-1"]
[WhiteElo "2514"]
[BlackElo "2652"]
[EventDate "2010.03.06"]
[PlyCount "80"]

1.e4 e5 2.Nf3 Nc6 3.Bb5 Nf6 4.O-O Nxe4 5.Re1 Nd6 6.Nxe5 Be7 7.Bf1 Nf5 8.
Nf3 Ncd4 9.c3 Nxf3+ 10.Qxf3 Nh4 11.Qe4 Ng6 12.c4 O-O 13.d4 d6 14.Nc3 c6 
15.f4 Bf6 16.Be3 Re8 17.Qd3 d5 18.cxd5 cxd5 19.Kh1 Ne7 20.Bg1 Be6 21.Rac1 
g6 22.Qb5 Rb8 23.Bd3 Qd6 24.Bf2 Red8 25.Qc5 Rbc8 26.Qxa7 Qxf4 27.Rf1 Qd2 
28.Bc2 Nc6 29.Qxb7 Nxd4 30.Bxd4 Bxd4 31.Bb3 Bxc3 32.bxc3 Rxc3 33.Rcd1 Qg5 
34.Rde1 Rdc8 35.a4 Rc1 36.Bd1 d4 37.a5 Bd5 38.Qb2 R1c2 39.Re8+ Kg7 40.
Qxd4+ Kh6 0-1

[Event "11th EUR-ch"]
[Site "Rijeka CRO"]
[Date "2010.03.14"]
[Round "8"]
[White "Fridman, Daniel"]
[Black "Nanu, Ciprian-Costica"]
[Result "1/2-1/2"]
[WhiteElo "2650"]
[BlackElo "2505"]
[EventDate "2010.03.06"]
[PlyCount "135"]

1.d4 d5 2.c4 c6 3.Nf3 Nf6 4.Nc3 dxc4 5.a4 Bf5 6.Ne5 Na6 7.f3 Nd7 8.Nxc4 e5
9.d5 cxd5 10.Nxd5 Rc8 11.b3 Nb4 12.Nxb4 Bxb4+ 13.Bd2 Bc5 14.e3 O-O 15.b4 
Be7 16.Rc1 Nb6 17.a5 Nxc4 18.Bxc4 Bd3 19.Qb3 Bh4+ 20.g3 Rxc4 21.Rxc4 Qd5 
22.e4 Bxc4 23.exd5 Bxb3 24.gxh4 Bxd5 25.Kf2 a6 26.Be3 f6 27.Rd1 Rd8 28.f4 
Kf7 29.fxe5 fxe5 30.Bc5 Ke6 31.Ke3 Rd7 32.Rd2 Kf5 33.Ba7 h6 34.Rd1 Ke6 35.
Rd2 g5 36.hxg5 hxg5 37.Kf2 Rf7+ 38.Kg3 Rf4 39.Bc5 Rc4 40.Rf2 Rf4 41.Bf8 
Be4 42.Bc5 Bf5 43.Kg2 Rg4+ 44.Kf1 Rh4 45.Kg2 Rg4+ 46.Kf1 Be4 47.Ke2 Bc6 
48.Kf1 Rc4 49.Rd2 Rc3 50.Kf2 Rh3 51.Kg1 e4 52.Rg2 Rb3 53.Rg3 Rb1+ 54.Kf2 
Kf5 55.Be7 g4 56.h3 Rb2+ 57.Ke1 gxh3 58.Rxh3 Kg4 59.Rc3 Bb5 60.Re3 Bd3 61.
Bc5 Kf4 62.Rh3 Bb5 63.Bd6+ Kg4 64.Rg3+ Kf5 65.Bc5 Ke6 66.Rg6+ Kd5 67.Rd6+ 
Ke5 68.Bd4+ 1/2-1/2

[Event "11th EUR-ch"]
[Site "Rijeka CRO"]
[Date "2010.03.14"]
[Round "8"]
[White "Zhigalko, Sergei"]
[Black "Erdogdu, Mert"]
[Result "1-0"]
[WhiteElo "2648"]
[BlackElo "2502"]
[EventDate "2010.03.06"]
[PlyCount "111"]

1.e4 e5 2.Nf3 Nc6 3.Bb5 a6 4.Ba4 Nf6 5.O-O Be7 6.Re1 b5 7.Bb3 d6 8.c3 O-O 
9.h3 Na5 10.Bc2 c5 11.d4 Qc7 12.Nbd2 cxd4 13.cxd4 Bd7 14.Nf1 Rac8 15.Ne3 
Nc6 16.d5 Nb4 17.Bb1 a5 18.a3 Na6 19.b4 Ra8 20.Bd2 Qb7 21.Bd3 axb4 22.axb4
Nc7 23.Nc2 Rfc8 24.Rb1 Bd8 25.Na1 Na6 26.Nb3 Bb6 27.Qe2 Ne8 28.g4 Nac7 29.
Na5 Bxa5 30.bxa5 Rab8 31.Be3 Nf6 32.Nd2 Na6 33.Bb6 Rc3 34.f3 Nc5 35.Bxb5 
Bxb5 36.Qxb5 Qe7 37.a6 h5 38.a7 Ra8 39.Bxc5 Rxc5 40.Qb8+ Rc8 41.Qb7 Nd7 
42.Rec1 Rd8 43.Rc7 Kh7 44.Nf1 hxg4 45.hxg4 Qf6 46.Rxd7 Qxf3 47.Rxd8 Qxg4+ 
48.Kf2 Qf4+ 49.Ke2 Rxd8 50.Ne3 Qh2+ 51.Kd3 Qa2 52.Rh1+ Kg8 53.Qb8 Qa3+ 54.
Ke2 Qa6+ 55.Kf3 Rc8 56.Ra1 1-0

[Event "11th EUR-ch"]
[Site "Rijeka CRO"]
[Date "2010.03.14"]
[Round "8"]
[White "Berczes, David"]
[Black "Kobalia, Mikhail"]
[Result "0-1"]
[WhiteElo "2510"]
[BlackElo "2637"]
[EventDate "2010.03.06"]
[PlyCount "46"]

1.d4 d5 2.c4 c6 3.Nc3 Nf6 4.e3 e6 5.Nf3 Nbd7 6.Qc2 Bd6 7.g4 h6 8.h3 a6 9.
Rg1 c5 10.cxd5 exd5 11.Bd2 b5 12.dxc5 Nxc5 13.Nd4 O-O 14.Bd3 b4 15.Na4 
Nxd3+ 16.Qxd3 Ne4 17.Nf5 Bxf5 18.gxf5 Qh4 19.O-O-O Nxf2 20.Qxd5 Rac8+ 21.
Kb1 Nxd1 22.Qxd6 Qe4+ 23.Ka1 Qc2 0-1

[Event "11th EUR-ch"]
[Site "Rijeka CRO"]
[Date "2010.03.14"]
[Round "8"]
[White "Makarov, Marat"]
[Black "Kokarev, Dmitry"]
[Result "1-0"]
[WhiteElo "2510"]
[BlackElo "2622"]
[EventDate "2010.03.06"]
[PlyCount "51"]

1.d4 Nf6 2.c4 g6 3.Nf3 Bg7 4.g3 O-O 5.Bg2 d6 6.O-O Nc6 7.Nc3 a6 8.d5 Na5 
9.Nd2 c5 10.Qc2 Rb8 11.b3 b5 12.Rb1 e5 13.cxb5 axb5 14.b4 cxb4 15.Rxb4 Ba6
16.Qb1 Qc7 17.Nxb5 Qc5 18.a4 Nxd5 19.Rb2 Nf6 20.Rc2 Qb6 21.Ba3 Bxb5 22.Rb2
Qd4 23.Rxb5 Qxa4 24.Rxb8 Qxa3 25.Qa1 Qc5 26.Rc1 1-0

[Event "11th EUR-ch"]
[Site "Rijeka CRO"]
[Date "2010.03.14"]
[Round "8"]
[White "Azarov, Sergei"]
[Black "Danielsen, Henrik"]
[Result "0-1"]
[WhiteElo "2621"]
[BlackElo "2494"]
[EventDate "2010.03.06"]
[PlyCount "56"]

1.e4 d6 2.d4 Nf6 3.Nc3 g6 4.Be3 c6 5.Qd2 b5 6.Bd3 Nbd7 7.Nf3 Qc7 8.O-O Bg7
9.a4 b4 10.Ne2 Rb8 11.c3 bxc3 12.Nxc3 O-O 13.h3 c5 14.Rfc1 Qb7 15.e5 cxd4 
16.Bxd4 dxe5 17.Nxe5 Rd8 18.Nc4 Nf8 19.Na5 Qa8 20.Nb5 Ne6 21.Bxa7 Bb7 22.
f3 Bxf3 23.Bxb8 Qxb8 24.gxf3 Bh6 25.Qf2 Bxc1 26.Rxc1 Rxd3 27.Nc6 Qf4 28.
Rc3 Rd1+ 0-1

[Event "11th EUR-ch"]
[Site "Rijeka CRO"]
[Date "2010.03.14"]
[Round "8"]
[White "Gelashvili, Tamaz"]
[Black "Benidze, Davit"]
[Result "1-0"]
[WhiteElo "2621"]
[BlackElo "2499"]
[EventDate "2010.03.06"]
[PlyCount "107"]

1.d4 Nf6 2.c4 e6 3.g3 Bb4+ 4.Bd2 Bxd2+ 5.Qxd2 d5 6.Nf3 Nbd7 7.Bg2 c6 8.O-O
dxc4 9.Qc2 b5 10.Nc3 Bb7 11.e4 O-O 12.e5 Nd5 13.Ne4 c5 14.Nd6 Nb4 15.Qd2 
Bxf3 16.Bxf3 Nd3 17.Bxa8 Qxa8 18.f4 cxd4 19.b3 Qd5 20.Rad1 N7c5 21.bxc4 
bxc4 22.Qc2 Rd8 23.a3 f6 24.Nxc4 fxe5 25.fxe5 Nxe5 26.Nxe5 Qxe5 27.Rc1 
Qe3+ 28.Kg2 Rd5 29.Rce1 Qxa3 30.Qf2 h6 31.h4 Kh7 32.Qf8 d3 33.Rb1 Qa2+ 34.
Kh3 Nd7 35.Qe7 Qa4 36.Rf4 Qa5 37.Rg4 Qc3 38.Rf1 Rf5 39.Rc1 Qf6 40.Qxd7 h5 
41.Rb4 Rd5 42.Qa4 Qf5+ 43.Kg2 Re5 44.Rb2 Re4 45.Qd1 Qd5 46.Kh2 Qe5 47.Rf2 
Rxh4+ 48.Kg2 Rd4 49.Qf3 Qg5 50.Rd1 h4 51.Rxd3 Rg4 52.Qe2 Rxg3+ 53.Rxg3 
Qxg3+ 54.Kh1 1-0

[Event "11th EUR-ch"]
[Site "Rijeka CRO"]
[Date "2010.03.14"]
[Round "8"]
[White "Horvath, Adam"]
[Black "Petrosian, Tigran L."]
[Result "0-1"]
[WhiteElo "2501"]
[BlackElo "2612"]
[EventDate "2010.03.06"]
[PlyCount "38"]

1.e4 d6 2.d4 g6 3.Nc3 Bg7 4.Bg5 c6 5.Qd2 b5 6.f4 Qb6 7.Nf3 Bg4 8.O-O-O b4 
9.Na4 Qa5 10.b3 Nd7 11.h3 Bxf3 12.gxf3 h6 13.Bh4 Nb6 14.Nb2 Qxa2 15.Qxb4 
Qa1+ 16.Kd2 Qxb2 17.Bf2 c5 18.Bb5+ Kf8 19.dxc5 a5 0-1

[Event "11th EUR-ch"]
[Site "Rijeka CRO"]
[Date "2010.03.14"]
[Round "8"]
[White "Ekstrom, Roland"]
[Black "Volkov, Sergei"]
[Result "0-1"]
[WhiteElo "2491"]
[BlackElo "2612"]
[EventDate "2010.03.06"]
[PlyCount "82"]

1.d4 d5 2.c4 c6 3.Nf3 Nf6 4.e3 Bf5 5.Nc3 e6 6.Nh4 Bg6 7.Be2 Nbd7 8.O-O Bd6
9.g3 Qe7 10.Qb3 Rb8 11.Rd1 a6 12.Nxg6 hxg6 13.Bd2 b5 14.cxd5 cxd5 15.Bf3 
O-O 16.a4 b4 17.Ne2 Nb6 18.Qd3 Nc4 19.b3 Nb2 20.Qxa6 Ra8 21.Qb5 Rfb8 22.
Qc6 Rc8 23.Qb5 Nxd1 24.Rxd1 Ne4 25.Qd3 Qb7 26.Kf1 Rc7 27.Be1 g5 28.Bg2 g4 
29.h3 gxh3 30.Bxh3 Qa6 31.Bg2 Qxd3 32.Rxd3 Rac8 33.f3 Nc3 34.Bd2 Nb1 35.e4
Rc2 36.Ke1 Rb2 37.e5 Be7 38.Bf1 Nxd2 39.Rxd2 Rxb3 40.f4 Rb1+ 41.Kf2 b3 0-1

[Event "11th EUR-ch"]
[Site "Rijeka CRO"]
[Date "2010.03.14"]
[Round "8"]
[White "Pelletier, Yannick"]
[Black "Sulashvili, Malkhaz"]
[Result "1/2-1/2"]
[WhiteElo "2611"]
[BlackElo "2490"]
[EventDate "2010.03.06"]
[PlyCount "114"]

1.d4 d5 2.c4 e6 3.Nf3 Nf6 4.g3 Bb4+ 5.Bd2 Be7 6.Bg2 O-O 7.O-O c6 8.Bf4 b6 
9.Nc3 Bb7 10.Rc1 Nbd7 11.cxd5 Nxd5 12.Nxd5 exd5 13.Qa4 c5 14.Bh3 Nf6 15.
Be3 Qe8 16.Qxe8 Rfxe8 17.dxc5 bxc5 18.Bxc5 Bxc5 19.Rxc5 Rxe2 20.Rb5 Ba6 
21.Ra5 Bd3 22.b3 h6 23.Rd1 Bc2 24.Re1 Rxe1+ 25.Nxe1 Bd1 26.Nd3 g5 27.Bg2 
Rc8 28.Rxa7 Rc3 29.Bf1 Bf3 30.Ra5 Be4 31.Rc5 d4 32.Rxc3 dxc3 33.Nc1 Kf8 
34.Bd3 Bf3 35.Be2 g4 36.Bxf3 gxf3 37.Kf1 Ke7 38.Nd3 c2 39.a4 Ne4 40.Ke1 
Kd6 41.b4 Kd5 42.a5 Kc4 43.Nc1 Kb5 44.g4 f6 45.h3 Ka6 46.Nb3 Ka7 47.b5 Kb7
48.Nc1 Kb8 49.b6 Kb7 50.Nd3 Kb8 51.h4 Kb7 52.h5 Kb8 53.a6 Ka8 54.a7 Nc5 
55.Nc1 Ne4 56.Nd3 Nc5 57.Nc1 Ne4 1/2-1/2

[Event "11th EUR-ch"]
[Site "Rijeka CRO"]
[Date "2010.03.14"]
[Round "8"]
[White "Andriasian, Zaven"]
[Black "Chirila, Ioan-Cristian"]
[Result "1/2-1/2"]
[WhiteElo "2609"]
[BlackElo "2487"]
[EventDate "2010.03.06"]
[PlyCount "63"]

1.d4 Nf6 2.c4 c5 3.d5 d6 4.Nc3 g6 5.e4 Bg7 6.h3 O-O 7.Nf3 e6 8.Bd3 exd5 9.
cxd5 a6 10.a4 Nh5 11.O-O Nd7 12.Bg5 Bf6 13.Be3 Re8 14.Qd2 Ne5 15.Nxe5 Bxe5
16.Ne2 Bg7 17.Rac1 b5 18.b4 c4 19.Bb1 Bd7 20.a5 f5 21.exf5 gxf5 22.Bd4 Re7
23.Ng3 Nxg3 24.fxg3 Bxd4+ 25.Qxd4 Re5 26.Rf4 Qg5 27.Rcf1 Rae8 28.Kh2 Bc8 
29.Qb6 Qd8 30.Qd4 Qg5 31.Qb6 Qd8 32.Qd4 1/2-1/2

[Event "11th EUR-ch"]
[Site "Rijeka CRO"]
[Date "2010.03.14"]
[Round "8"]
[White "Swiercz, Dariusz"]
[Black "Kozul, Zdenko"]
[Result "1-0"]
[WhiteElo "2488"]
[BlackElo "2602"]
[EventDate "2010.03.06"]
[PlyCount "46"]

1.d4 Nf6 2.c4 g6 3.Nc3 Bg7 4.e4 d6 5.Nf3 O-O 6.Be2 Nbd7 7.O-O e5 8.Re1 c6 
9.Bf1 h6 10.d5 c5 11.g3 Nh7 12.Nh4 Ndf6 13.Rb1 Ng5 14.b4 cxb4 15.Rxb4 Nd7 
16.Na4 b6 17.Bd2 Rb8 18.Rb3 Rb7 19.Qc1 Nc5 20.Nxc5 bxc5 21.Rxb7 Bxb7 22.
Be3 Qd7 23.f3 Ra8 1-0

[Event "11th EUR-ch"]
[Site "Rijeka CRO"]
[Date "2010.03.14"]
[Round "8"]
[White "Levin, Evgeny"]
[Black "Alexandrov, Alexei"]
[Result "1/2-1/2"]
[WhiteElo "2486"]
[BlackElo "2601"]
[EventDate "2010.03.06"]
[PlyCount "77"]

1.d4 Nf6 2.c4 e6 3.Nf3 d5 4.Nc3 Bb4 5.Qb3 c5 6.cxd5 exd5 7.dxc5 Nc6 8.Bg5 
O-O 9.O-O-O Bxc3 10.Qxc3 Ne4 11.Bxd8 Nxc3 12.bxc3 Rxd8 13.Nd4 Ne5 14.e3 
Bd7 15.Be2 Rdc8 16.Nb3 Be6 17.Bf3 Nxf3 18.gxf3 a5 19.Kd2 a4 20.Nd4 Rxc5 
21.Rb1 Bc8 22.Rb6 Kf8 23.Rg1 Rca5 24.Rg5 h6 25.Rh5 Rc5 26.Rd6 Ke7 27.Rdxd5
Rxd5 28.Rxd5 Ra6 29.Re5+ Kd8 30.Rd5+ Ke7 31.f4 Rg6 32.Re5+ Kd8 33.Ra5 Rg2 
34.Ke2 Bg4+ 35.Kf1 Rxh2 36.Kg1 Rh5 37.f5 g6 38.Ra8+ Ke7 39.Rc8 1/2-1/2